| 000 | 00537nam a2200217Ia 4500 | ||
|---|---|---|---|
| 003 | OSt | ||
| 005 | 20220428113835.0 | ||
| 008 | 210210b1999 xxu||||| |||| 00| 0 eng d | ||
| 020 | _a81 87134 80 1 | ||
| 040 |
_aAL _c |
||
| 041 | _aEnglish | ||
| 082 | _a574.192 SATB | ||
| 100 |
_aSATYANARAYANA (U). _932618 |
||
| 245 | _aBiochemistry | ||
| 260 |
_aCalcutta-700009 _bBooks and Allied (P) Ltd. _c1999 |
||
| 300 | _aiv,695 | ||
| 650 |
_aBichemistry _932619 |
||
| 690 |
_aBiochemistry _932620 |
||
| 906 | _a055694 | ||
| 942 |
_2ddc _cBK |
||
| 999 |
_c102801 _d102801 |
||